| 000 | 02900cam a2200313 i 4500 | ||
|---|---|---|---|
| 001 | 12151263 | ||
| 005 | 20251010094155.0 | ||
| 008 | 210209t20212021enk b 001 0 eng | ||
| 010 | _a 2021005391 | ||
| 020 |
_a9781509542963 _qhardback |
||
| 035 | _a(OCoLC)on1237252663 | ||
| 035 | _a(CaBVaU)12151263 | ||
| 040 |
_aDLC _beng _cDLC _erda _dOCLCO _dOCLCF _dBDX _dUKMGB _dYDX _dUtOrBLW |
||
| 041 | _aeng | ||
| 042 | _apcc | ||
| 050 | 0 | 0 |
_aHM585 _b.S3776 2021 |
| 100 |
_aSchwarz, Ori, _d1979- _eauthor. |
||
| 245 | 1 | 0 |
_aSociological theory for digital society _b: the codes that bind us together _c/ Ori Schwarz. |
| 264 | 1 |
_aCambridge, UK ; _aMedford, MA : _bPolity Press, _c2021. |
|
| 300 |
_a222 pages ; _c23 cm |
||
| 504 | _aIncludes bibliographical references and index. | ||
| 505 | 0 | _aIntroduction: old disciplines, new times, revised theories — When interactions become objects — rethinking symbolic interactionism in the post-situational order — When networks materialize — rethinking social ontology beyond the individual and the collective — When social capital can be invested — rethinking social capital — When power is exercised through algorithms — rethinking power under generative rulers — When labour is everywhere — rethinking work in the era of workless labour — Conclusion: sociological theory for the future. | |
| 520 |
_aThe digital revolution has not only transformed multiple aspects of social life – it also shakes sociological theory, transforming the most basic assumptions that have underlain it. In this timely book, Ori Schwarz explores the main challenges digitalization poses to different strands of sociological theory and offers paths to adapt them to new social realities.What would symbolic interactionism look like in a world where interaction no longer takes place within bounded situations and is constantly documented as durable digital objects? How should we understand new digitally mediated forms of human association that bind our actions and lives together but have little in common with old-time 'collectives'; and why are they not simply ‘social networks’? How does social capital transform when it is materialized in a digital form, and how does it remould power structures? What happens to our conceptualization of power when faced with the emergence of new forms of algorithmic power? And what happens when labour departs from work? By posing and answering such fascinating questions, and offering critical tools for both students and scholars of social theory and digital society to engage with them, this thought-provoking book draws the outline of future sociological theory for our digital society. _cProvided by publisher. |
||
| 650 | 0 |
_aSociology _912016 |
|
| 650 | 0 |
_aInformation society _93595 |
|
| 650 | 0 |
_aOnline social networks _97708 |
|
| 650 | 0 |
_aInformation technology _xSocial aspects _97710 |
|
| 942 | _2lcc | ||
| 999 |
_c4730 _d4730 |
||